Riconosci lo Stato - Quiz n°193 - Statistics

Statistiche generali
  • Questo quiz è stato fatto 23 volte
  • Il punteggio medio è 12 su 13
Statistiche sulle risposte
Indizio Risposta % Corretto
Popolazione 27 909 798 ab.
100%
Fuso Orario UTC+2
100%
Primo ministro Adriano Maleiane
95%
Iniziale della Capitale M
95%
Valuta Metical
95%
Superficie 801 590 km²
90%
Indipendenza dal Portogallo il 25 giugno 1975
90%
Presidente della Repubblica Filipe Nyusi
90%
Forma di Governo Repubblica semipresidenziale
90%
PIL (nominale) 14 244 milioni di $
85%
ISU 0,446
80%
Tasso di crescita 2,442%
75%
Risposta Mozambico
75%
Nessun quiz corrispondente trovato
Distribuzione punteggi
Percentuale di utenti per punteggio
Percentile per numero di risposta
I tuoi punteggi nel tempo
Non hai fatto questo quiz